Giai cấp công nhân với Đảng tiên phong

Shranjeno v:
Bibliografske podrobnosti
Glavni avtor: Lê Đức
Format: Knjiga
Izdano: H. Lao động 1977
Izdaja:In lần thứ 2
Teme:
Oznake: Označite
Brez oznak, prvi označite!
Thư viện lưu trữ: Trung tâm Học liệu Lê Vũ Hùng, Trường Đại học Đồng Tháp
LEADER 00800pam a22002178a 4500
001 00000740
005 20171026081022.0
008 110323s1977 ||||||Viesd
041 0 # |a Vie 
082 1 4 |a 324.259 707 1  |b GI103C 
100 0 # |a Lê Đức 
245 0 0 |a Giai cấp công nhân với Đảng tiên phong  |c Lê Đức 
250 # # |a In lần thứ 2  |b Có sửa chữa bổ sung 
260 # # |a H.  |b Lao động  |c 1977 
300 # # |a 55 tr.  |c 19 cm. 
650 # 4 |a Đảng cộng sản việt nam 
653 # # |a Đảng cộng sản việt nam  |a Giai cấp công nhân  |a Xây dựng Đảng 
852 # # |b Kho đọc  |j KD.0000721 
852 # # |j KD.0000721 
910 |d 23/03/2011 
980 # # |a Trung tâm Học liệu Lê Vũ Hùng, Trường Đại học Đồng Tháp